| 000 | 00740nam a2200277Ia 4500 | ||
|---|---|---|---|
| 008 | 220216s9999 xx 000 0 und d | ||
| 100 | _aLakshmanan R | ||
| 245 | 0 | _aREsponse of rubber (Hevea brasiliensis) seedlings to irrigation in nursery | |
| 260 |
_bNatural Rubber Research _c2004 |
||
| 300 | _a172-176 | ||
| 650 | _aConsumptive use | ||
| 650 | _aConsumptive use | ||
| 650 | _aCrop factor | ||
| 650 | _aCrop factor | ||
| 650 | _aGrowth | ||
| 650 | _aGrowth | ||
| 650 | _aIrrigation | ||
| 650 | _aIrrigation | ||
| 650 | _aSeedling nursery | ||
| 650 | _aSeedling nursery | ||
| 650 | _aSoil moisture depletion | ||
| 650 | _aSoil moisture depletion | ||
| 700 | _aEdathil T T | ||
| 700 | _aPunnoose K I | ||
| 942 | _cAR | ||
| 999 |
_c47237 _d47237 |
||